| 000 | 00472nam a22001457a 4500 | ||
|---|---|---|---|
| 999 |
_c512361 _d512361 |
||
| 008 | 191119b ||||| |||| 00| 0 eng d | ||
| 100 |
_aBiswas, Partha Pratim _913526 |
||
| 245 | _aLessons from Kolkata's East-West metro disaster | ||
| 260 | _bEconomic and Political Weekly | ||
| 300 | _a54(42), 19 Oct, 2019: p.23-25. | ||
| 650 |
_aMetro - India - Kolkata _913527 |
||
| 773 | _aEconomic and Political Weekly | ||
| 906 | _aRailways - India - Kolkata | ||
| 942 |
_2ddc _cAR |
||